00683cam a22002414a 4500003000400000005001700004008004100021010001700062020001500079040001800094042001400112050002400126100002200150245005700172260004000229300003300269521000700302526000900309650003600318650002800354650002700382700003200409OSt20140320103244.0010713s2004 nyua c 000 0 eng  a 2001039521 a0439806151 aDLCcDLCdDLC apccalcac00aQE 861.5b.D29 20051 aDavis, Kenneth C.10aDon't know much about dinosaurs /cKenneth C. Davis. aNew York :bScholastic Inc.,c2005. a48 p. :bcol. ill. ;c27 cm. aG9 c1010 0aDinosaursvJuvenile literature. 1aDinosaursvMiscellanea. 1aQuestions and answers.1 aMartin, Pedro,d1967-eill.